| 000 | 00601nam a22002057a 4500 | ||
|---|---|---|---|
| 003 | MPLRDC | ||
| 005 | 20220104200743.0 | ||
| 008 | 210129b ||||| |||| 00| 0 eng d | ||
| 020 | _a978-7-5391-6383-3 | ||
| 082 | _a859.9 KXSY v.9 | ||
| 100 | _a小熊工作室 GOMDORI CO. 文 | ||
| 245 |
_a科学实验王. 9 _c徐月珠 译; 弘钟贤 HONG JONG-HYUN 图 |
||
| 250 | _a初版四刷 | ||
| 260 |
_a中国 _b二十一世纪出版社 _c2012 |
||
| 300 | _b平 | ||
| 490 | _a我的第一本科学漫画书 | ||
| 520 | _a上架 2017-02-01 | ||
| 650 | _a儿童图画书 | ||
| 942 |
_cBK _o859.9 KXSY v.9 |
||
| 999 |
_c66844 _d66834 |
||